On International Compensations for Environmental Stocks

Gespeichert in:
Bibliographische Detailangaben
1. Verfasser: Stähler, Frank
Format: Buch
Sprache:Englisch
Veröffentlicht: Kiel Institut für Weltwirtschaft 1993
Schriftenreihe:Kiel Working Paper No.580
Schlagworte:
Tags: Tag hinzufügen
Keine Tags, Fügen Sie das erste Tag hinzu!

MARC

LEADER 00000nam a2200000 4500
001 c005229
005 20250521093020.2
041 0 |a eng 
044 |a DE 
245 1 0 |a On International Compensations for Environmental Stocks  |c Frank Stähler 
264 1 |a Kiel  |b Institut für Weltwirtschaft  |c 1993 
300 |a 17 s. 
490 1 |a Kiel Working Paper  |v No.580 
830 0 |a Kiel Working Paper  |v No.580 
610 2 0 |a suroviny 
610 2 0 |a prostredie životné 
610 2 0 |a ochrana prostredia životného 
610 2 0 |a zdroje prírodné 
100 1 |a Stähler, Frank